Educational management : (Record no. 156679)

MARC details
000 -LEADER
fixed length control field 00671nam a22001937a 4500
005 - DATE AND TIME OF LATEST TRANSACTION
control field 20180831153736.0
010 ## - LCCN (DPL NO)
LC control number ENG-123912
020 ## - INTERNATIONAL STANDARD BOOK NUMBER
Terms of availability 300.00
International Standard Book Number 9788184654585
035 ## - SYSTEM CONTROL NUMBER
System control number EN-107444
037 ## - SOURCE OF ACQUISITION
Source of stock number/acquisition DBAD/PUB
082 ## - DEWEY DECIMAL CLASSIFICATION NUMBER
Classification number 371.2
100 ## - MAIN ENTRY--PERSONAL NAME
Personal name Sampath, S.
245 ## - TITLE STATEMENT
Title Educational management :
Statement of responsibility, etc by S. Sampath
Remainder of title for B.ed., M.ed. and integrated courses /
260 ## - PUBLICATION, DISTRIBUTION, ETC. (IMPRINT)
Date of publication, distribution, etc 2011
Place of publication, distribution, etc Chennai
Name of publisher, distributor, etc Praga Publications
270 ## - ADDRESS
Address No.11-A, Sri Renganathan Nagar, Agaram Road, Selaiyur
City Chennai
Postal code 600073 (India)
300 ## - PHYSICAL DESCRIPTION
Dimensions 21cm.(pbk.)
Extent v,352p.
500 ## - GENERAL NOTE
General note It includes webliography, bibliography, question bank, glossary
942 ## - ADDED ENTRY ELEMENTS (KOHA)
Item type English Books
Source of classification or shelving scheme Dewey Decimal Classification
Call number suffix SAM
Classification part 371.2
Holdings
Withdrawn status Lost status Not for loan Collection code Home library Current library Date acquired Source of acquisition Cost, normal purchase price Full call number Barcode Copy number Cost, replacement price Koha item type
      Non-fiction Central Library Central Library 30/08/2018 DBAD/PUB 300.00 371.2 SAM EN-107444 1 300.00 English Books

© Delhi Public Library
Hit Counter
free hit counter